Central Library OPAC University of Rajshahi

A portrait of Britain between the exhibitions, (1851-1951) / (Record no. 25288)

MARC details
000 -LEADER
fixed length control field 00931cam a22002771 4500
001 - CONTROL NUMBER
control field 25288
003 - CONTROL NUMBER IDENTIFIER
rucl marc code BD-RjUL
005 - DATE AND TIME OF LATEST TRANSACTION
control field 20211209050846.0
008 - FIXED-LENGTH DATA ELEMENTS--GENERAL INFORMATION
fixed length control field 140316r19561952enka 001 0 eng
035 ## - SYSTEM CONTROL NUMBER
System control number (BD-RjUL)25357
System control number (OCoLC)2141512
040 ## - CATALOGING SOURCE
Original cataloging agency DLC
Transcribing agency FJUNF
Modifying agency Uk
-- DLC
-- BD-RjUL
Language of cataloging eng
041 ## - LANGUAGE CODE
Language code of text/sound track or separate title eng
082 04 - DEWEY DECIMAL CLASSIFICATION NUMBER
Classification number 942.08
Author mark and year LIP 1956
100 1# - MAIN ENTRY--PERSONAL NAME
Personal name Lindsay, Donald,
Dates associated with a name 1910-
9 (RLIN) 77772
245 12 - TITLE STATEMENT
Title A portrait of Britain between the exhibitions, (1851-1951) /
Statement of responsibility, etc. by Donald Lindsay and E. S. Washington. Illustrated by R. S. Sherriffs.
260 ## - PUBLICATION, DISTRIBUTION, ETC. (IMPRINT)
Place of publication, distribution, etc. Oxford,
Name of publisher, distributor, etc. Clarendon Press,
Date of publication, distribution, etc. 1952 [reprinted 1956].
300 ## - PHYSICAL DESCRIPTION
Pagination 321 p. :
Illustrations illus. ;
Size 21 cm.
504 ## - BIBLIOGRAPHY, ETC. NOTE
Bibliography, etc includes index.
651 #0 - SUBJECT ADDED ENTRY--GEOGRAPHIC NAME
Geographic name Great Britain
General subdivision History
Chronological subdivision 19th century.
9 (RLIN) 77773
Geographic name Great Britain
General subdivision History
Chronological subdivision 20th century.
9 (RLIN) 17470
Geographic name Great Britain
General subdivision Civilization.
9 (RLIN) 77774
942 ## - ADDED ENTRY ELEMENTS (KOHA)
Source of classification or shelving scheme Dewey Decimal Classification
Koha item type Books
Holdings
Lost status Source of classification or shelving scheme Damaged status Not for loan Collection code Permanent Location Current Location Shelving location Date acquired Source of acquisition Cost, normal purchase price Total Checkouts Full call number Date last seen Copy number Koha item type
  Dewey Decimal Classification   Added to bundle Non-fiction Central Library, University of Rajshahi Central Library, University of Rajshahi Reading Room 20/11/1957 oxford university press 10.20   942.08 LIP 1956 16/03/2014 C-1 Books